Location of facilities : economic and environmental impact = Χωροθέτηση επιχειρήσεων : οικονομικές και περιβαλλοντικές επιπτώσεις

Αποθηκεύτηκε σε:
Λεπτομέρειες βιβλιογραφικής εγγραφής
Συλλογικό Έργο: Συμπόσιο Ποσοτικών Μεθόδων (Χίος, Ελλάδα)), Υπουργείο Αιγαίου, Πανεπιστήμιο Αιγαίου Τμήμα Διοίκησης Επιχειρήσεων
Άλλοι συγγραφείς: Καρκαζής, Γιάννης (Επιμελητής έκδοσης)
Μορφή: Πρακτικό Συνεδρίου Βιβλίο
Γλώσσα:Greek
English
Δημοσίευση: Χίος : Πανεπιστήμιο Αιγαίου, [1989].
Θέματα:
Ετικέτες: Προσθήκη ετικέτας
Δεν υπάρχουν, Καταχωρήστε ετικέτα πρώτοι!

MARC

LEADER 00000cam a2200000 i 4500
001 1/1787
008 941103q1989####gr | | ||| |||| ||gre||
035 |a 1989  |c ΔΩΡΕΑ  |l 10014576 
035 |a 1995  |c ΔΩΡΕΑ 
040 |a GR-MyUA  |b gre  |e AACR2 
041 0 |a gre  |a eng 
082 0 |a 658.4033  
111 2 |a Συμπόσιο Ποσοτικών Μεθόδων   |n (2ο :   |d 1988 :   |e Χίος, Ελλάδα) 
245 1 0 |a Location of facilities :   |b economic and environmental impact = Χωροθέτηση επιχειρήσεων : οικονομικές και περιβαλλοντικές επιπτώσεις /  |c επιμέλεια Γ. Καρκαζής.  
246 1 |i Παράλληλος τίτλος:   |a Χωροθέτηση επιχειρήσεων :   |b οικονομικές και περιβαλλοντικές επιπτώσεις  
260 |a Χίος :   |b Πανεπιστήμιο Αιγαίου,   |c [1989].  
300 |a 610 σ. :   |b εικ. ;   |c 24 εκ.  
500 |a Proceedings volume 
500 |a Περιέχει βιβλιογραφικές παραπομπές.  
650 0 0 |a Industrial location  |x Environmental aspects  |x Congresses. 
650 0 0 |a Regional planning  |x Congresses. 
650 0 0 |a Industrial management  |x Mathematical models  |x Congresses. 
650 0 0 |a Industrial location  |z Greece  |x Congresses. 
700 1 |a Καρκαζής, Γιάννης,  |e edt 
710 2 |a Υπουργείο Αιγαίου. 
710 2 |a Πανεπιστήμιο Αιγαίου  |b Τμήμα Διοίκησης Επιχειρήσεων. 
852 |a INST  |b LESVOS  |e 19950718  |h 658.4033 ΣΥΜ  |p 005100007605  |q 005100007605  |t BK  |y 0 
852 |a INST  |b SAMOS  |e 19941103  |h 658.4033 ΣΥΜ  |p 005300002007  |q 005300002007  |t BK  |y 0 
852 |a INST  |b SAMOS  |e 19981013  |h 658.4033 ΣΥΜ  |p 005300004943  |q 005300004943  |t BK  |y 0